Statistics for The Last Of Us Characters

Click here to take the quiz!

General Stats

  • This quiz has been taken 1,353 times
  • The average score is 12 of 15

Answer Stats

HintAnswer% Correct
Main characterJoel
100%
The cargo he has to smuggleEllie
98%
His daughterSarah
94%
Brother of main characterTommy
92%
Main character's female friendTess
89%
Loner that sets traps across his townBill
83%
His sonSam
77%
Firefly leaderMarlene
76%
Man with son held up in a cityHenry
75%
Cannibal group leaderDavid
74%
Brother's wifeMaria
71%
The above's best friendRiley
69%
His partner of the above that hung himselfFrank
66%
Gang boss that has their gunsRobert
49%
The above's assistantJames
48%

Score Distribution

Percentile by Number Answered

Percent of People with Each Score

Your Score History

You have not taken this quiz